| 000 | 00558cam a22002291 4500 | ||
|---|---|---|---|
| 001 | sa 64008451 | ||
| 003 | DLC | ||
| 005 | 20260227112054.0 | ||
| 008 | 940602s1962 ii 000 0 beno | ||
| 010 | _asa 64008451 | ||
| 025 | _aPL480:EP-B-267 | ||
| 035 | _a(OCoLC)30538593 | ||
| 040 |
_aDLC _cCU _dCU _dDLC |
||
| 050 | 0 | 0 |
_aPN2887 _b.R3 |
| 100 | 1 | _aRaja, Mahmud. | |
| 245 | 1 | 0 | _aSinemāra ujvala tārakā yārā. |
| 260 | _c[1962] | ||
| 300 |
_a173 p. _c23 cm. |
||
| 500 | _aIn Bengali. | ||
| 650 | 0 |
_aActors _zIndia. |
|
| 650 | 0 |
_aActors _zPakistan. |
|
| 999 |
_c60860 _d60860 |
||